| 000 | 01544nam0a2200385 4500 | ||
|---|---|---|---|
| 001 | RU\NLR\bibl\1326735 | ||
| 005 | 20250615162604.0 | ||
| 010 |
_a978-5-17-048125-5 _bАСТ |
||
| 010 |
_a978-5-271-18598-4 _bАстрель _93000 |
||
| 035 | _a(nilc)IZD\AST\2007\775682 | ||
| 035 | _a(NLR Aleph) 001312022 | ||
| 090 |
_a685552 _c685552 |
||
| 100 | _a20080123d2008 |||y0rusy50 ca | ||
| 101 | 1 |
_arus _ceng |
|
| 102 | _aRU | ||
| 105 | _aa ||||||||| | ||
| 200 | 1 |
_aЯпонские мечи _eэнциклопедия холодного оружия _fРичард Фуллер и Рон Грегори _g[пер. с англ.: А.С. Левченков] |
|
| 210 |
_aМосква _cАСТ _cАстрель _d2008 |
||
| 215 |
_a287 с., [4] л. цв. ил. _cил. _d27 |
||
| 320 | _aБиблиогр.: с. 280-282 | ||
| 320 | _aДр. кн. авт. на 2-й с. | ||
| 320 | _aУказ.: с. 285-287 | ||
| 606 | 0 |
_aМечи японские _jЭнциклопедии _xИстория _92178261 _3RU\NLR\auth\661310063 |
|
| 686 |
_a0064 _aВоенная техника и оружие _2TCC-BG |
||
| 686 |
_a68.8 _vLBC/PL |
||
| 686 | _aЦ908г(5Я)я20 | ||
| 700 | 1 |
_4070 _7ca _8rus _aФуллер _bР. Б. _f1895-1983 _gРичард Бакминстер _9224828 _3RU\NLR\AUTH\770224884 |
|
| 701 | 1 |
_aГрегори _bР. _gРон _4070 |
|
| 801 | 0 |
_aRU _bЛИБНЕТ _c20080123 |
|
| 801 | 1 |
_aRU _bЦУНБ Москва _c20080206 _2rusmarc |
|
| 801 | 2 |
_aRU _bNLR _c20081120 _grcr |
|
| 942 | _cBOOK | ||
| 980 | _aNB | ||